[Event "C.to Italiano U14"]
[Site "Cortina d'Ampezzo ITA"]
[Date "2005.07.04"]
[Round "2"]
[White "Carrasso, Daniele"]
[Black "Marando, Francesco"]
[Result "1-0"]
[WhiteElo "1500"]
[BlackElo "1440"]
[PlyCount "95"]
[EventDate "2005.07.03"]

1. e4 e5 2. Nf3 Nc6 3. Bc4 Nf6 4. Ng5 d5 5. exd5 Nxd5 6. d4 exd4 7. O-O Be6 8.
Re1 Qd7 9. Nxf7 Kxf7 10. Qf3+ Ke7 11. Bxd5 Nd8 12. Bg5+ Ke8 13. Bxd8 Kxd8 14.
Bxe6 Qb5 15. Qd5+ Qxd5 16. Bxd5 Kd7 17. Rd1 Bc5 18. Bf3 g5 19. c3 Rhe8 20. Kf1
Bd6 21. Rxd4 c5 22. Rd1 Kc7 23. Nd2 Rab8 24. Re1 Rh8 25. Nc4 Bxh2 26. g3 Rhf8
27. Kg2 b5 28. Ne3 a5 29. Ng4 Bxg3 30. fxg3 h5 31. Nf2 g4 32. Be2 b4 33. cxb4
axb4 34. b3 Rh8 35. Rec1 Kc6 36. a3 Rbe8 37. Bd1 Kb5 38. a4+ Ka5 39. Rxc5+ Kb6
40. Rc4 Re1 41. Rxb4+ Ka5 42. Rb5+ Ka6 43. Rd5 h4 44. Nxg4 hxg3 45. Kxg3 Rg1+
46. Kf3 Rh3+ 47. Kf2 Rgh1 48. Be2+ 1-0

[Event "C.to Italiano U14"]
[Site "Cortina d'Ampezzo ITA"]
[Date "2005.07.05"]
[Round "3"]
[White "Marando, Francesco"]
[Black "Canato, Massimo"]
[Result "1-0"]
[WhiteElo "1440"]
[BlackElo "1413"]
[PlyCount "89"]
[EventDate "2005.07.03"]

1. e4 e6 2. d4 d5 3. Nc3 c5 4. f4 Nc6 5. Nf3 cxd4 6. Nxd4 dxe4 7. Nxc6 bxc6 8.
Qxd8+ Kxd8 9. Nxe4 f5 10. Ng5 Nh6 11. Bc4 Ke7 12. h3 Bb7 13. Nxe6 Kd6 14. Nxf8
Rhxf8 15. O-O Rfe8 16. Bd2 Rab8 17. Bb4+ c5 18. Bc3 g6 19. Be5+ Rxe5 20. fxe5+
Kxe5 21. Rfe1+ Kd4 22. b3 Be4 23. Rad1+ Kc3 24. Rd7 Kxc2 25. Rxa7 Rd8 26. Re2+
Kd1 27. Rxh7 Ng8 28. Bxg8 Rxg8 29. Kf2 g5 30. Rd7+ Kc1 31. Ke1 Bc2 32. Rdd2 Kb2
33. Rxc2+ Ka3 34. Rxc5 f4 35. Kd1 g4 36. hxg4 Rxg4 37. Rc4 f3 38. Rxg4 fxe2+
39. Kxe2 Kxa2 40. b4 Kb3 41. b5 Kc3 42. b6 Kc2 43. b7 Kc3 44. b8=Q Kc2 45. Rc4#
1-0

[Event "C.to Italiano U14"]
[Site "Cortina d'Ampezzo ITA"]
[Date "2005.07.05"]
[Round "3"]
[White "Palmitessa, Andrea"]
[Black "Crosa, Federico"]
[Result "1-0"]
[WhiteElo "1515"]
[BlackElo "1296"]
[PlyCount "74"]
[EventDate "2005.07.03"]

1. e4 c5 2. Nf3 Nc6 3. d4 cxd4 4. Nxd4 Nf6 5. Nc3 g6 6. Be3 Bg7 7. Bc4 d6 8.
O-O O-O 9. Qd2 Bd7 10. f4 e6 11. Ndb5 d5 12. exd5 exd5 13. Bxd5 Nxd5 14. Qxd5
a6 15. Nd4 Nb4 16. Qxb7 Rb8 17. Qf3 Bxd4 18. Bxd4 Nxc2 19. Rad1 Rxb2 20. Bc5
Re8 21. Qd3 Rb7 22. Qxc2 Qh4 23. Qf2 Qg4 24. Qf3 Rc7 25. Nd5 Qxf3 26. gxf3 Rc6
27. Ne7+ Rxe7 28. Bxe7 Rc7 29. Bf6 h6 30. Bd8 Rb7 31. Rd6 Bb5 32. Rb1 Rb8 33.
Bf6 Re8 34. Rd8 Rxd8 35. Bxd8 Bc4 36. Bf6 Bxa2 37. Rb8+ Kh7 1-0

[Event "C.to Italiano U14"]
[Site "Cortina d'Ampezzo ITA"]
[Date "2005.07.05"]
[Round "4"]
[White "Crosa, Federico"]
[Black "Bottini, Luca"]
[Result "0-1"]
[WhiteElo "1296"]
[BlackElo "1485"]
[PlyCount "26"]
[EventDate "2005.07.03"]

1. e4 e5 2. Nf3 Nc6 3. Nc3 Nf6 4. d4 exd4 5. Nd5 Be7 6. e5 Nxd5 7. Nxd4 Nxd4 8.
Qxd4 Nb4 9. Qc3 Nc6 10. Bf4 Bb4 11. Qxb4 Nxb4 12. a3 Nxc2+ 13. Kd1 Nxa1 0-1

[Event "C.to Italiano U14"]
[Site "Cortina d'Ampezzo ITA"]
[Date "2005.07.05"]
[Round "4"]
[White "Gonella, Riccardo"]
[Black "Marando, Francesco"]
[Result "0-1"]
[WhiteElo "1500"]
[BlackElo "1440"]
[PlyCount "152"]
[EventDate "2005.07.03"]

1. d4 d5 2. c4 e6 3. g3 c5 4. Nf3 Nf6 5. Nc3 Nc6 6. b3 dxc4 7. bxc4 cxd4 8. Nb5
a6 9. Nbxd4 Nxd4 10. Nxd4 e5 11. Nb3 Qxd1+ 12. Kxd1 Bb4 13. Bb2 Ne4 14. Kc1
Nxf2 15. Rg1 Ng4 16. h3 Ne3 17. Bxe5 O-O 18. g4 Nxc4 19. Bf4 h5 20. Bd2 Bxd2+
21. Nxd2 Nxd2 22. Kxd2 hxg4 23. hxg4 Rd8+ 24. Ke1 Be6 25. g5 g6 26. Bg2 Bd5 27.
Bxd5 Rxd5 28. Rg3 Re8 29. Rd1 Rde5 30. Rd2 Re3 31. Rxe3 Rxe3 32. Kf2 Re5 33.
Rd7 Rxg5 34. Rxb7 Ra5 35. Rb2 Ra3 36. e3 Kg7 37. Kf3 Kf6 38. Kf4 g5+ 39. Kf3
Kf5 40. Rf2 Ke5 41. Rg2 f6 42. Rf2 Ra4 43. Kg3 Ke4 44. Rxf6 Kxe3 45. Rf3+ Ke2
46. Rf2+ Ke1 47. Rg2 Kf1 48. Rb2 Ke1 49. Kf3 Kd1 50. Ke3 Kc1 51. Rf2 Kb1 52.
Kd3 Rxa2 53. Rf1+ Kb2 54. Rg1 Ra3+ 55. Kd2 Ra5 56. Rg2 Rc5 57. Ke3+ Kb3 58. Rg3
a5 59. Kd4+ Kb4 60. Rg1 Kb5 61. Rb1+ Kc6 62. Ra1 g4 63. Rg1 Rg5 64. Kc4 g3 65.
Kb3 g2 66. Ka4 Kd5 67. Rd1+ Ke4 68. Rg1 Kf3 69. Rxg2 Kxg2 70. Ka3 Rg4 71. Ka2
Rg3 72. Kb1 Kf2 73. Ka2 Ke2 74. Ka1 Kd2 75. Ka2 Kc2 76. Ka1 Ra3# 0-1

[Event "C.to Italiano U14"]
[Site "Cortina d'Ampezzo ITA"]
[Date "2005.07.05"]
[Round "4"]
[White "Vigliocco, Davide"]
[Black "Caverzan, Leonardo"]
[Result "1-0"]
[WhiteElo "1383"]
[BlackElo "1533"]
[PlyCount "75"]
[EventDate "2005.07.03"]

1. e4 c5 2. Nf3 d6 3. d4 cxd4 4. Nxd4 Nf6 5. Nc3 e6 6. f3 Be7 7. Bc4 a6 8. Be3
Qc7 9. Bb3 Nc6 10. g4 Na5 11. Qd2 Bd7 12. O-O-O Nxb3+ 13. Nxb3 a5 14. a3 b5 15.
Na2 e5 16. h4 Be6 17. Kb1 Bxb3 18. cxb3 O-O 19. h5 Rfb8 20. g5 Nd7 21. g6 f6
22. gxh7+ Kxh7 23. Rdg1 Nf8 24. Rg2 Qb7 25. Rhg1 Ne6 26. Rg6 b4 27. a4 Qa6 28.
Bh6 Rg8 29. Bxg7 Ng5 30. Bxf6 Bxf6 31. Rxf6 Rac8 32. Rg6 Rxg6 33. hxg6+ Kg7 34.
Qxg5 Qd3+ 35. Ka1 Qxb3 36. Qe7+ Kg8 37. Qh7+ Kf8 38. g7+ 1-0

[Event "C.to Italiano U14"]
[Site "Cortina d'Ampezzo ITA"]
[Date "2005.07.06"]
[Round "5"]
[White "Marando, Francesco"]
[Black "Paveglio, Mattia"]
[Result "0-1"]
[WhiteElo "1440"]
[BlackElo "1515"]
[PlyCount "101"]
[EventDate "2005.07.03"]

1. e4 e5 2. Nf3 Nc6 3. Nc3 Nf6 4. d4 exd4 5. Nxd4 Bb4 6. Nxc6 bxc6 7. Bd3 O-O
8. O-O Bxc3 9. bxc3 d5 10. exd5 cxd5 11. Bg5 Qd6 12. Qf3 h6 13. Bxf6 Qxf6 14.
Qxd5 Be6 15. Qe4 g6 16. Bc4 Bf5 17. Qd4 Qxd4 18. cxd4 Bxc2 19. Bb3 Bxb3 20.
axb3 Rfd8 21. Rfd1 Kf8 22. g3 Rd7 23. Kg2 c6 24. h4 Rb8 25. Rac1 Rd6 26. Rc3
Rbd8 27. Rdc1 Rxd4 28. Rxc6 Rb4 29. Rc7 a5 30. Ra1 Rd5 31. Ra7 Rbb5 32. Kf3
Rxb3+ 33. Kg2 Rbb5 34. Rc1 Rdc5 35. Rd1 Rb2 36. Rdd7 Rf5 37. Rd8+ Kg7 38. Raa8
Rbxf2+ 39. Kh3 Ra2 40. Kg4 h5+ 41. Kh3 g5 42. hxg5 Rxg5 43. Rd7 Ra3 44. Raa7
Raxg3+ 45. Kh2 Rf3 46. Ra6 Rf4 47. Kh3 Rf6 48. Ra8 Rf3+ 49. Kh4 Rc5 50. Rb8
Rc4+ 51. Kg5 0-1

[Event "C.to Italiano U14"]
[Site "Cortina d'Ampezzo ITA"]
[Date "2005.07.07"]
[Round "6"]
[White "Ciet, Marco"]
[Black "Vigliocco, Davide"]
[Result "0-1"]
[WhiteElo "1697"]
[BlackElo "1383"]
[PlyCount "44"]
[EventDate "2005.07.03"]

1. e4 e6 2. d4 c5 3. c3 d5 4. e5 Nc6 5. Nf3 Qb6 6. Bd3 Bd7 7. Bc2 cxd4 8. cxd4
f6 9. O-O fxe5 10. dxe5 Bc5 11. Ng5 Nxe5 12. Qh5+ g6 13. Bxg6+ Nxg6 14. Nxh7 e5
15. Nc3 N8e7 16. Na4 Bxa4 17. Be3 Bxe3 18. fxe3 Qxe3+ 19. Rf2 O-O-O 20. Qg4+
Bd7 21. Qh5 Nf4 22. Kf1 Nxh5 0-1

[Event "C.to Italiano U14"]
[Site "Cortina d'Ampezzo ITA"]
[Date "2005.07.07"]
[Round "6"]
[White "Guglielmotto, Graziano"]
[Black "Marando, Francesco"]
[Result "0-1"]
[WhiteElo "1519"]
[BlackElo "1440"]
[PlyCount "110"]
[EventDate "2005.07.03"]

1. e4 e5 2. Nf3 Nc6 3. Bc4 Nf6 4. Nc3 Bb4 5. Ng5 O-O 6. Nxf7 Rxf7 7. Bxf7+ Kxf7
8. a3 Bxc3 9. dxc3 Nxe4 10. Qf3+ Nf6 11. Bg5 h6 12. Bxf6 Qxf6 13. Qxf6+ gxf6
14. O-O-O Ke6 15. Rhf1 b6 16. f3 Ba6 17. Rg1 d5 18. g4 Be2 19. Rd2 Bxf3 20. Rf2
e4 21. Kd2 Ne5 22. h3 Rg8 23. Ke3 h5 24. Kf4 hxg4 25. hxg4 Rxg4+ 26. Rxg4 Nxg4
27. Rf1 Ne5 28. b3 Ng6+ 29. Ke3 Kf5 30. Kf2 Kf4 31. Re1 Nh4 32. Rg1 e3+ 33. Ke1
Ng2+ 34. Rxg2 Bxg2 35. Ke2 Bf3+ 36. Ke1 Kg3 37. c4 dxc4 38. bxc4 e2 39. a4 c6
40. c5 bxc5 41. c3 f5 42. c4 f4 43. a5 a6 44. Kd2 Kf2 45. Kc3 e1=Q+ 46. Kb3
Bd1+ 47. Ka3 Bb3 48. Kxb3 Ke3 49. Kc2 f3 50. Kb2 f2 51. Kc2 Qd2+ 52. Kb3 f1=R
53. Ka3 Qd3+ 54. Kb2 Rf2+ 55. Kc1 Qf1# 0-1

[Event "C.to Italiano U14"]
[Site "Cortina d'Ampezzo ITA"]
[Date "2005.07.08"]
[Round "7"]
[White "Gozzi, Riccardo"]
[Black "Crosa, Federico"]
[Result "1/2-1/2"]
[WhiteElo "1455"]
[BlackElo "1296"]
[PlyCount "72"]
[EventDate "2005.07.03"]

1. e4 c5 2. Nf3 Nc6 3. d4 cxd4 4. Nxd4 Nf6 5. Nc3 d6 6. Bb5 Bd7 7. Bxc6 Bxc6 8.
Qd3 g6 9. Bg5 Bg7 10. O-O-O O-O 11. f4 Qa5 12. f5 Rfe8 13. fxg6 fxg6 14. Bxf6
Bxf6 15. Qc4+ Kg7 16. Nxc6 bxc6 17. Qxc6 Rac8 18. Qd5 Qxd5 19. Nxd5 Bg5+ 20.
Kb1 Rc4 21. Rhe1 Rec8 22. c3 Bf6 23. Nxf6 Kxf6 24. Rd4 R4c5 25. g4 Rg5 26. h3
h5 27. gxh5 Rxh5 28. Rh1 g5 29. Rd5 Rc5 30. Rxc5 dxc5 31. Kc2 g4 32. h4 Ke5 33.
Kd3 Kf4 34. Rf1+ Ke5 35. Rf5+ Rxf5 36. exf5 Kxf5 1/2-1/2

[Event "C.to Italiano U14"]
[Site "Cortina d'Ampezzo ITA"]
[Date "2005.07.08"]
[Round "7"]
[White "Pinto, Andrea"]
[Black "Marando, Francesco"]
[Result "1-0"]
[WhiteElo "1500"]
[BlackElo "1440"]
[PlyCount "45"]
[EventDate "2005.07.03"]

1. d4 d5 2. c4 e6 3. Nf3 c5 4. e3 Nf6 5. Nc3 Nc6 6. Be2 Ne4 7. O-O Qf6 8. cxd5
Nxc3 9. bxc3 Ne7 10. Bb5+ Bd7 11. Bxd7+ Kxd7 12. Ne5+ Kd6 13. dxe6 fxe6 14. Qa4
Nc6 15. Nxc6 bxc6 16. Ba3 Kd7 17. Rab1 Rc8 18. Rb7+ Rc7 19. Rxc7+ Kxc7 20.
Qxa7+ Kd8 21. Qb7 Bd6 22. Bxc5 Bc7 23. Qa8+ 1-0

[Event "C.to Italiano U14"]
[Site "Cortina d'Ampezzo ITA"]
[Date "2005.07.08"]
[Round "7"]
[White "Vigliocco, Davide"]
[Black "Molza, Giuseppe"]
[Result "1-0"]
[WhiteElo "1383"]
[BlackElo "1682"]
[PlyCount "57"]
[EventDate "2005.07.03"]

1. e4 e5 2. Nf3 Nc6 3. d4 exd4 4. Nxd4 Bc5 5. Be3 Qf6 6. c3 Nge7 7. Nc2 Bxe3 8.
Nxe3 O-O 9. Nd2 d6 10. h4 Be6 11. g4 h6 12. Nf3 Qf4 13. g5 Qxe4 14. gxh6 Bg4
15. Be2 Bh5 16. Rg1 Bxf3 17. Bxf3 Qxh4 18. Rxg7+ Kh8 19. Rg1 Qf4 20. Qe2 Rae8
21. O-O-O Nf5 22. Rg4 Qe5 23. Re4 Qf6 24. Nd5 Qg5+ 25. Nf4 Rxe4 26. Qxe4 Nxh6
27. Rh1 d5 28. Qe3 Kg7 29. Ne6+ 1-0

[Event "C.to Italiano U14"]
[Site "Cortina d'Ampezzo ITA"]
[Date "2005.07.08"]
[Round "8"]
[White "Brancati, Emanuele"]
[Black "Vigliocco, Davide"]
[Result "1-0"]
[WhiteElo "1679"]
[BlackElo "1383"]
[PlyCount "81"]
[EventDate "2005.07.03"]

1. e4 e6 2. d4 c5 3. c3 d5 4. exd5 exd5 5. Nf3 Nc6 6. Be2 Nf6 7. O-O Be6 8.
dxc5 Bxc5 9. Nbd2 Qc7 10. Nb3 Bd6 11. h3 h6 12. Nbd4 Nxd4 13. Nxd4 a6 14. Qa4+
Bd7 15. Bb5 O-O 16. Bxd7 Qxd7 17. Qxd7 Nxd7 18. Be3 Nf6 19. Rad1 Rac8 20. Nc2
Ne4 21. Rxd5 Bc5 22. Bxc5 Nxc5 23. b3 Ne4 24. c4 Nc3 25. Rd3 Ne2+ 26. Kh2 Nf4
27. Rf3 Ne6 28. Rd1 b5 29. Na3 b4 30. Nc2 a5 31. Rf5 Rc5 32. Rxc5 Nxc5 33. Rd5
Rc8 34. Nd4 Nb7 35. Rb5 Rc7 36. Kg3 Kf8 37. Nc6 Rxc6 38. Rxb7 Rc5 39. Kf4 g5+
40. Ke4 Kg7 41. Rb8 1-0

[Event "C.to Italiano U14"]
[Site "Cortina d'Ampezzo ITA"]
[Date "2005.07.08"]
[Round "8"]
[White "Marando, Francesco"]
[Black "Soriente, Matteo"]
[Result "0-1"]
[WhiteElo "1440"]
[BlackElo "1506"]
[PlyCount "56"]
[EventDate "2005.07.03"]

1. e4 c5 2. Nf3 d6 3. d4 cxd4 4. Nxd4 Nf6 5. Nc3 e6 6. f4 a6 7. e5 dxe5 8. fxe5
Nd5 9. Nxd5 Qxd5 10. Bf4 Be7 11. Nf3 Qxd1+ 12. Rxd1 O-O 13. Bc4 b5 14. Bb3 Bb7
15. Rd3 Be4 16. Rc3 Bb4 17. O-O Bxc3 18. bxc3 Nc6 19. Ng5 Bf5 20. h3 Na5 21.
Rd1 Nxb3 22. cxb3 h6 23. Nf3 Rfd8 24. Nd4 Rac8 25. Rc1 b4 26. Bd2 bxc3 27. Bxc3
Rxd4 28. g4 Be4 0-1

[Event "C.to Italiano U14"]
[Site "Cortina d'Ampezzo ITA"]
[Date "2005.07.09"]
[Round "9"]
[White "Crosa, Federico"]
[Black "Falaschi, Gianluca"]
[Result "1/2-1/2"]
[WhiteElo "1296"]
[BlackElo "1470"]
[PlyCount "35"]
[EventDate "2005.07.03"]

1. e4 e5 2. Nf3 Nc6 3. Nc3 Nf6 4. d4 exd4 5. Nd5 Nxd5 6. exd5 Ne7 7. Bc4 d6 8.
Nxd4 Ng6 9. O-O Be7 10. Re1 O-O 11. b3 Bd7 12. Bb2 Bf6 13. Rb1 a6 14. h3 Bh4
15. Qf3 Ne5 16. Qc3 Qf6 17. Rf1 Qg6 18. Rbd1 1/2-1/2

[Event "C.to Italiano U14"]
[Site "Cortina d'Ampezzo ITA"]
[Date "2005.07.09"]
[Round "9"]
[White "Esposito, Leonardo"]
[Black "Marando, Francesco"]
[Result "1/2-1/2"]
[WhiteElo "1468"]
[BlackElo "1440"]
[PlyCount "104"]
[EventDate "2005.07.03"]

1. e4 e5 2. Nf3 Nc6 3. Bc4 Nf6 4. Ng5 d5 5. exd5 Nxd5 6. Qf3 Be6 7. Nxe6 fxe6
8. Nc3 Ncb4 9. Bb3 Qf6 10. Qxf6 gxf6 11. a3 Nxc3 12. bxc3 Nd5 13. Rb1 O-O-O 14.
O-O Bc5 15. Bb2 Nf4 16. g3 Ne2+ 17. Kg2 Rxd2 18. Bxe6+ Kb8 19. Bb3 f5 20. Rbd1
Rhd8 21. Rxd2 Rxd2 22. c4 Nd4 23. Bxd4 Bxd4 24. Kf3 e4+ 25. Kg2 a6 26. a4 c6
27. c3 Bxc3 28. c5 Bd4 29. Be6 e3 30. Kf3 Rxf2+ 31. Rxf2 exf2 32. Kg2 Bxc5 33.
Bxf5 Kc7 34. Bxh7 b5 35. axb5 cxb5 36. h4 b4 37. g4 b3 38. g5 b2 39. h5 b1=Q
40. Bxb1 Kd7 41. g6 Bd4 42. h6 Ke8 43. Be4 Kf8 44. Bd5 a5 45. g7+ Bxg7 46.
hxg7+ Kxg7 47. Kxf2 Kf6 48. Ke3 Ke5 49. Bg8 Kd6 50. Kd4 Kc6 51. Kc3 Kb5 52. Bf7
a4 1/2-1/2

[Event "C.to Italiano U14"]
[Site "Cortina d'Ampezzo ITA"]
[Date "2005.07.09"]
[Round "9"]
[White "Vigliocco, Davide"]
[Black "Covolan, Stefano"]
[Result "0-1"]
[WhiteElo "1383"]
[BlackElo "1691"]
[PlyCount "43"]
[EventDate "2005.07.03"]

1. e4 c5 2. Nf3 d6 3. d4 cxd4 4. Nxd4 Nf6 5. Nc3 a6 6. f3 e6 7. g4 Be7 8. Bc4
b5 9. Bb3 b4 10. Nce2 d5 11. Ng3 dxe4 12. Nxe4 Nxe4 13. fxe4 e5 14. Nf5 Qxd1+
15. Kxd1 Bxf5 16. gxf5 Nd7 17. Be3 Nf6 18. Ke2 Rd8 19. Kf3 g6 20. Ba4+ Nd7 21.
Rhg1 O-O 22. Bb6 0-1

[Event "C.to Italiano U16"]
[Site "Cortina d'Ampezzo ITA"]
[Date "2005.07.05"]
[Round "4"]
[White "Simonini, Roberto"]
[Black "Rombaldoni, Denis"]
[Result "1-0"]
[WhiteElo "2065"]
[BlackElo "2327"]
[PlyCount "51"]
[EventDate "2005.07.03"]

1. e4 c6 2. d4 d5 3. Nc3 g6 4. Be3 Nf6 5. e5 Nfd7 6. Qd2 f6 7. f4 e6 8. Nf3 Bb4
9. h4 c5 10. h5 g5 11. exf6 Nxf6 12. Nxg5 h6 13. Bd3 hxg5 14. Bg6+ Kd7 15. fxg5
Ng4 16. Rf1 Nxe3 17. Rf7+ Kc6 18. Qxe3 Na6 19. O-O-O cxd4 20. Qxd4 Qxg5+ 21.
Kb1 Bd7 22. a3 Be7 23. Ne4 Qh4 24. g3 Qh3 25. Rxe7 b6 26. Qa4+ 1-0

[Event "C.to Italiano U16"]
[Site "Cortina d'Ampezzo ITA"]
[Date "2005.07.08"]
[Round "7"]
[White "Fortino, Fabrizio"]
[Black "Sellitti, Federico"]
[Result "1/2-1/2"]
[WhiteElo "1965"]
[BlackElo "2152"]
[PlyCount "116"]
[EventDate "2005.07.03"]

1. e4 c5 2. c3 d6 3. d4 Nf6 4. Bd3 cxd4 5. cxd4 g6 6. Nc3 Bg7 7. Nge2 O-O 8.
O-O e5 9. f3 Nc6 10. d5 Ne7 11. Be3 Bd7 12. a4 Ne8 13. Qb3 b6 14. Bb5 f5 15.
Bxd7 Qxd7 16. a5 f4 17. Bf2 Rb8 18. axb6 axb6 19. Ra6 Nc8 20. Nb5 g5 21. Qc4
Qf7 22. Be1 h5 23. Nc1 Ne7 24. Na2 Bf6 25. Ra7 Qg6 26. Bb4 Nc8 27. Ra3 g4 28.
Nc7 Ng7 29. Ne6 Rf7 30. Nc3 Kh7 31. Nb5 Nxe6 32. dxe6 Rg7 33. Qe2 Be7 34. Nc3
Qxe6 35. Nd5 Bf6 36. Rfa1 Ne7 37. Nxf6+ Qxf6 38. Rd1 Rbg8 39. Rd2 Qh4 40. Ra1
Nc6 41. Bc3 Nd4 42. Bxd4 exd4 43. Rf1 Qg5 44. b4 h4 45. fxg4 Qxg4 46. Qxg4 Rxg4
47. h3 Rg3 48. Rxf4 Rxh3 49. Rxd4 Rhg3 50. Rxh4+ Kg6 51. Rxd6+ Kg5 52. Rh2 Kf4
53. Kf2 Kxe4 54. Rxb6 Kd5 55. Rb5+ Kc4 56. Rb7 R3g4 57. b5 Kb4 58. b6 Ka5
1/2-1/2

[Event "XII Festival A"]
[Site "Campobasso ITA"]
[Date "2005.07.08"]
[Round "1"]
[White "Attianese, Aniello"]
[Black "Ljubisavljevic, Zivojin Z."]
[Result "0-1"]
[WhiteElo "1953"]
[BlackElo "2261"]
[PlyCount "90"]
[EventDate "2005.07.08"]

1. d4 Nf6 2. c4 c5 3. d5 b5 4. f3 bxc4 5. e4 e5 6. Bxc4 d6 7. Ne2 Be7 8. Na3
O-O 9. Nc2 Ba6 10. b3 Bxc4 11. bxc4 Nbd7 12. O-O Nb6 13. Qd3 Qd7 14. Ne3 Nh5
15. Nf5 g6 16. Nxe7+ Qxe7 17. a4 Rfb8 18. Bd2 Ng7 19. Rfb1 f5 20. a5 Nd7 21.
Rxb8+ Rxb8 22. Rb1 Qd8 23. Rb3 a6 24. Qb1 Rxb3 25. Qxb3 Qb8 26. Qxb8+ Nxb8 27.
Bg5 Kf7 28. Bd8 Nd7 29. Nc3 Ke8 30. Bg5 Nh5 31. Kf2 Nhf6 32. Bxf6 Nxf6 33. Ke3
h6 34. h3 Ke7 35. g3 Nh7 36. Ne2 Ng5 37. h4 Nf7 38. Nc1 h5 39. f4 exf4+ 40.
gxf4 fxe4 41. Kxe4 Nh6 42. Ne2 Nf5 43. Nc3 Nxh4 44. Ke3 Nf5+ 45. Ke4 Nd4 0-1

[Event "XII Festival A"]
[Site "Campobasso ITA"]
[Date "2005.07.08"]
[Round "1"]
[White "Bottega, Antonio"]
[Black "Leveque, Sergio"]
[Result "0-1"]
[WhiteElo "1814"]
[BlackElo "2109"]
[PlyCount "38"]
[EventDate "2005.07.08"]

1. c4 e5 2. g3 Nc6 3. Bg2 f5 4. Nc3 Nf6 5. d3 Bc5 6. Nh3 O-O 7. O-O d6 8. Na4
Qe8 9. Nxc5 dxc5 10. Qd2 f4 11. Ng5 Qh5 12. gxf4 exf4 13. Qxf4 Nd4 14. Bf3 Bg4
15. Kh1 h6 16. Ne4 Nxf3 17. Nxf6+ Rxf6 18. Qxc7 Nd4 19. f3 Nxe2 0-1

[Event "XII Festival A"]
[Site "Campobasso ITA"]
[Date "2005.07.08"]
[Round "1"]
[White "Cappai, Davide"]
[Black "Angelillis, Nicola"]
[Result "1-0"]
[WhiteElo "2115"]
[BlackElo "1826"]
[PlyCount "165"]
[EventDate "2005.07.08"]

1. e4 c5 2. Nf3 d6 3. c3 Nf6 4. Be2 Nc6 5. d3 e6 6. O-O Be7 7. a3 a5 8. a4 O-O
9. Na3 b6 10. h3 Ba6 11. Bf4 e5 12. Bh2 Re8 13. Nb5 Na7 14. Qb3 h6 15. Rad1
Nxb5 16. axb5 Bb7 17. Qa4 Bf8 18. c4 Nh7 19. Ne1 g5 20. Nc2 Bg7 21. Ne3 Nf8 22.
Bg4 Ng6 23. Rd2 Ne7 24. g3 Bc8 25. Kg2 Bxg4 26. hxg4 Ng6 27. f3 f6 28. Kf2 Kf7
29. Ke1 Rh8 30. f4 Ne7 31. Kd1 Qd7 32. Kc1 Kg6 33. Qd1 Ra7 34. Kb1 Rha8 35. Ka2
Qe8 36. Ka3 Kh7 37. Ka4 Kg6 38. Qf3 Qd7 39. Rdf2 Kh7 40. Qh1 Rh8 41. Qg2 Qe8
42. Qh3 Qg6 43. Bg1 Kg8 44. Ka3 Rd7 45. Rf3 Kf8 46. fxg5 Qxg5 47. Rf5 Nxf5 48.
Rxf5 Qg6 49. Nd5 Rb7 50. Be3 Kf7 51. Ka4 Rh7 52. Rf2 Rh8 53. b3 Rhb8 54. Rf5
Rh8 55. Ka3 Rh7 56. Qf1 Ke6 57. Qh3 Kf7 58. Bd2 Rh8 59. Rh5 Rbb8 60. Rf5 Rh7
61. Rf2 Rb7 62. Ka4 Rh8 63. Be3 Rh7 64. Ka3 Rh8 65. Rf1 Rh7 66. Rf5 Rh8 67. Bd2
Rh7 68. Rh5 Rh8 69. Ne3 Rd7 70. Nf5 Rdd8 71. Nh4 Qh7 72. Rf5 Ke7 73. Rh5 a4 74.
bxa4 d5 75. cxd5 Rxd5 76. Nf5+ Qxf5 77. gxf5 Rxd3+ 78. Kb2 Rxd2+ 79. Kc3 Rhd8
80. g4 R2d4 81. g5 fxg5 82. f6+ Kxf6 83. Qf1+ 1-0

[Event "XII Festival A"]
[Site "Campobasso ITA"]
[Date "2005.07.08"]
[Round "1"]
[White "Capuano, Eugenio"]
[Black "Vanzan, Alessandro"]
[Result "1-0"]
[WhiteElo "2173"]
[BlackElo "1886"]
[PlyCount "59"]
[EventDate "2005.07.08"]

1. d4 d6 2. c4 Nc6 3. d5 Ne5 4. Nc3 g6 5. e4 Bg7 6. f4 Nd7 7. Nf3 Ngf6 8. Bd3
Nc5 9. Bc2 O-O 10. O-O e6 11. e5 Ne8 12. Be3 Nd7 13. Bd4 Nb6 14. Bb3 exd5 15.
cxd5 c5 16. dxc6 bxc6 17. exd6 Bxd4+ 18. Qxd4 Qxd6 19. Ne4 Qxd4+ 20. Nxd4 Ba6
21. Rfe1 Rc8 22. Rac1 Kg7 23. Nc5 Bb5 24. a4 a6 25. axb5 axb5 26. Ne4 Nf6 27.
Nxf6 Kxf6 28. Rxc6+ Rxc6 29. Nxc6 Rc8 30. Ne5 1-0

[Event "XII Festival A"]
[Site "Campobasso ITA"]
[Date "2005.07.08"]
[Round "1"]
[White "Castrogiovanni, Carlo"]
[Black "Palladino, Andrea"]
[Result "1/2-1/2"]
[WhiteElo "2108"]
[BlackElo "1814"]
[PlyCount "67"]
[EventDate "2005.07.08"]

1. Nf3 c5 2. c4 Nf6 3. g3 g6 4. Bg2 Bg7 5. O-O O-O 6. e3 Nc6 7. d4 cxd4 8. exd4
d5 9. cxd5 Nxd5 10. Nc3 Bg4 11. Be3 e5 12. Nxd5 Qxd5 13. Nxe5 Qxg2+ 14. Kxg2
Bxd1 15. Rfxd1 Nxe5 16. dxe5 Bxe5 17. Rd7 b6 18. Rb1 Rfd8 19. Rxd8+ Rxd8 20. b4
Kg7 21. Kf3 f5 22. a4 Rd7 23. Rc1 Kf7 24. b5 Ke6 25. h4 Rc7 26. Rxc7 Bxc7 27.
Bf4 Bxf4 28. Kxf4 h6 29. f3 Kf6 30. Ke3 g5 31. Kd4 Ke6 32. hxg5 hxg5 33. g4
fxg4 34. fxg4 1/2-1/2

[Event "XII Festival A"]
[Site "Campobasso ITA"]
[Date "2005.07.08"]
[Round "1"]
[White "Cioce, Enrico"]
[Black "Fioravanti, Diego"]
[Result "0-1"]
[WhiteElo "1840"]
[BlackElo "2150"]
[PlyCount "82"]
[EventDate "2005.07.08"]

1. e4 c5 2. Nf3 d6 3. d4 cxd4 4. Nxd4 Nf6 5. Nc3 g6 6. Bb5+ Bd7 7. Bxd7+ Nbxd7
8. O-O Bg7 9. Be3 O-O 10. Rb1 Ne5 11. h3 Rc8 12. Nde2 Nc4 13. Bg5 Qa5 14. Bxf6
Bxf6 15. Nd5 Bg5 16. f4 Bh4 17. Qd4 Qd2 18. g3 Bf6 19. Nxf6+ exf6 20. Rf2 Qe3
21. b3 Qxd4 22. Nxd4 Na3 23. Rd1 Rfe8 24. Re2 f5 25. e5 dxe5 26. fxe5 Rc3 27.
Kf2 Rec8 28. e6 fxe6 29. Nxe6 Rxc2 30. Rd7 Rxe2+ 31. Kxe2 Re8 32. Rd8 Rxd8 33.
Nxd8 b6 34. Kd3 Nb5 35. Kc4 Nd6+ 36. Kd5 Ne4 37. g4 Nf6+ 38. Kc6 f4 39. Ne6 f3
40. g5 f2 41. gxf6 f1=Q 0-1

[Event "XII Festival A"]
[Site "Campobasso ITA"]
[Date "2005.07.08"]
[Round "1"]
[White "Cordi', Domenico"]
[Black "Iodice, Fabio"]
[Result "1-0"]
[WhiteElo "2086"]
[BlackElo "1802"]
[PlyCount "129"]
[EventDate "2005.07.08"]

1. e4 e5 2. Nf3 Nf6 3. d4 Nxe4 4. Bd3 d5 5. Nxe5 Be7 6. O-O O-O 7. c4 Nf6 8.
Nc3 dxc4 9. Bxc4 Nc6 10. Nxc6 bxc6 11. Be3 Nd5 12. Qf3 Be6 13. Nxd5 cxd5 14.
Bd3 Rb8 15. b3 Qd7 16. h3 Bd6 17. Rac1 Rfe8 18. Rfd1 Rb6 19. Rc2 c6 20. Bd2 Bc7
21. Bf4 Bxf4 22. Qxf4 Qd8 23. Rdc1 Bd7 24. Re2 Rxe2 25. Bxe2 Qb8 26. Qxb8+ Rxb8
27. Rc5 Kf8 28. Ra5 Rb7 29. f3 Ke7 30. Kf2 Kd6 31. Bd3 h6 32. h4 g5 33. hxg5
hxg5 34. g3 Be6 35. f4 gxf4 36. gxf4 f6 37. f5 Bf7 38. Bc2 Bh5 39. a3 Re7 40.
Bd3 Rb7 41. b4 Bd1 42. Ke1 Bf3 43. Kd2 Bg4 44. Ra6 Bh5 45. Kc3 Be8 46. a4 Kc7
47. a5 Kb8 48. b5 Rc7 49. b6 Rb7 50. Kb4 Bd7 51. Kc5 axb6+ 52. axb6 Be8 53. Kd6
Bd7 54. Bc2 Bc8 55. Kxc6 Re7 56. Ra3 Re2 57. Rc3 Rf2 58. Kxd5 Bxf5 59. Bxf5
Rxf5+ 60. Ke6 Rb5 61. d5 Rxb6+ 62. d6 f5 63. Ke7 Rb1 64. d7 Re1+ 65. Kf6 1-0

[Event "XII Festival A"]
[Site "Campobasso ITA"]
[Date "2005.07.08"]
[Round "1"]
[White "D'Innocente, Stefano"]
[Black "Scagliarini, Bruno"]
[Result "1-0"]
[WhiteElo "2276"]
[BlackElo "1992"]
[PlyCount "81"]
[EventDate "2005.07.08"]

1. e4 e6 2. d4 d5 3. Nd2 c5 4. exd5 exd5 5. Ngf3 Nf6 6. Bb5+ Bd7 7. Bxd7+ Nbxd7
8. O-O Be7 9. dxc5 Nxc5 10. Nb3 Nce4 11. Nfd4 O-O 12. Nf5 Re8 13. Nxe7+ Rxe7
14. Be3 Qd7 15. Bd4 Qf5 16. Re1 Rae8 17. f3 Ng5 18. Rxe7 Rxe7 19. Bxa7 h5 20.
Bc5 Re8 21. Bf2 Ne6 22. Nd4 Qg5 23. h4 Qf4 24. g3 Qc7 25. Rc1 Nf8 26. Qd2 Ng6
27. Kg2 Qc4 28. b3 Qa6 29. a4 Nd7 30. Nb5 Qc6 31. Na7 Qf6 32. Qxd5 Nde5 33. Re1
Rd8 34. Qe4 Rd2 35. Re2 Rd1 36. Nb5 Nc6 37. c3 Nge5 38. Nd4 Qd6 39. Nxc6 Nxc6
40. Qe8+ Kh7 41. Qxf7 1-0